书目信息 |
| 题名: |
材料力学
|
|
| 作者: | 刘平 主编 | |
| 分册: | ||
| 出版信息: | 武汉 武汉理工大学出版社 2007.08 |
|
| 页数: | 190页 | |
| 开本: | 27cm | |
| 丛书名: | ||
| 单 册: | ||
| 中图分类: | TB301 | |
| 科图分类: | ||
| 主题词: | 材料力学--cai liao li xue | |
| 电子资源: | ||
| ISBN: | 978-7-5629-2583-5 | |
| 000 | 00826nam0 2200253 450 | |
| 001 | 012008006664 | |
| 005 | 20080421185451.31 | |
| 010 | @a978-7-5629-2583-5@dCNY19.00 | |
| 100 | @a20080421d2007 em y0chiy0120 ea | |
| 101 | 0 | @achi |
| 102 | @aCN@b420000 | |
| 105 | @aak a 000yy | |
| 106 | @ar | |
| 200 | 1 | @a材料力学@Acai liao li xue@e精编本@f刘平主编@Fliu ping zhu bian |
| 210 | @a武汉@c武汉理工大学出版社@d2007.08 | |
| 215 | @a190页@c图@d27cm | |
| 300 | @a21世纪高等学校土木工程专业规划教材 | |
| 320 | @a有书目 | |
| 330 | @a本教材共分10章,包括绪论,杆件的轴向拉伸和压缩、扭转、弯曲内力、梁的应力、梁的弯曲变形、简单超静定问题、应力状态分析等。 | |
| 606 | 0 | @a材料力学@Acai liao li xue |
| 690 | @aTB301@v4 | |
| 701 | 0 | @a刘平@Aliu ping@4主编 |
| 801 | 0 | @aCN@bQSSK@c20080421 |
| 905 | @b295850-54@dTB301@eL652@f5 | |
| 材料力学:精编本/刘平主编.-武汉:武汉理工大学出版社,2007.08 |
| 190页:图;27cm |
| 21世纪高等学校土木工程专业规划教材 |
| ISBN 978-7-5629-2583-5:CNY19.00 |
| 本教材共分10章,包括绪论,杆件的轴向拉伸和压缩、扭转、弯曲内力、梁的应力、梁的弯曲变形、简单超静定问题、应力状态分析等。 |
| ● |
| 相关链接 |
|
|
|
正题名:材料力学
索取号:TB301/L652
 
预约/预借
| 序号 | 登录号 | 条形码 | 馆藏地/架位号 | 状态 | 备注 |
| 1 | 295850 | 202958503 | 自科库501/501自科库 11排1列2层/ [索取号:TB301/L652] | 在馆 | |
| 2 | 295851 | 202958512 | 自科库501/501自科库 11排1列2层/ [索取号:TB301/L652] | 在馆 | |
| 3 | 295852 | 202958521 | 自科库501/501自科库 11排1列2层/ [索取号:TB301/L652] | 在馆 | |
| 4 | 295853 | 202958530 | 自科库501/501自科库 11排1列2层/ [索取号:TB301/L652] | 在馆 | |
| 5 | 295854 | 202958549 | 自科库501/501自科库 11排1列2层/ [索取号:TB301/L652] | 在馆 |